000 00352 a2200157 4500
001 68181
020 _a9788536307153
040 _cAnchieta - Pituba
100 _aBarbosa, Maria Carmen Silveira
240 1 0 _aPor amor e por força
_lpor
245 1 0 _aPor amor e por força
300 _a236
362 0 _a2006
650 4 _aEducação
942 _cBK
999 _c68181
_d68181